El nuevo derecho chileno del matrimonio. Ley N§ 19.947 de 2004

Na minha lista:
Detalhes bibliográficos
Autor principal: Vidal Olivares, Alvaro (Author)
Formato: Livro
Idioma:espanhol
Publicado em: Santiago Jurídica de Chile 2006
Edição:1a. ed
Assuntos:
Tags: Adicionar Tag
Sem tags, seja o primeiro a adicionar uma tag!

MARC

LEADER 00000nam a2200000 a 4500
001 UCJ0930
003 CL-VaPUC
008 060914e20060000CL |||||||||||||||||spa|d
020 |a 9561017075 
082 0 4 |a 346.83016  |b VID  |2 21 
100 0 |a Vidal Olivares, Alvaro  |e author  |9 501388 
245 1 3 |a El nuevo derecho chileno del matrimonio. Ley N§ 19.947 de 2004 
250 |a 1a. ed 
300 |a 415 p 
942 |c BK 
945 |d 20060914 00:00:00  |a jtorresc 
260 |a Santiago  |b Jurídica de Chile  |c 2006 
650 0 |a Derecho civil chileno  |9 320612 
650 0 |a Matrimonio civil  |9 385406 
650 0 |a Jurisprudencia  |9 255952 
650 0 |a Familias   |9 255641 
650 0 |a Divorcio  |9 256204 
651 7 |a CHILE  |2 CL-VaPUC  |9 501389 
583 |a last modification  |c 20140409 03:49:41  |k Rodrigo Vera 
999 |c 317668  |d 317666 
952 |0 0  |1 0  |4 0  |6 346_830160000000000_VID_2006  |7 0  |8 A  |9 394480  |a BIBDER  |b BIBDER  |d 2019-11-22  |i 4275659  |o 346.83016 VID 2006  |p 4275659  |r 2023-01-25  |w 2019-11-22  |y BK  |k DER 
952 |0 0  |1 0  |4 0  |6 346_830160000000000_VID_2006  |7 0  |8 A  |9 394481  |a BIBDER  |b BIBDER  |d 2019-11-22  |i 4280342  |l 3  |o 346.83016 VID 2006  |p 4280342  |r 2023-01-25  |s 2022-10-17  |w 2019-11-22  |y BK  |k DER 
952 |0 0  |1 0  |4 0  |6 346_830160000000000_VID_2006  |7 0  |8 A  |9 394482  |a BIBDER  |b BIBDER  |d 2019-11-22  |i 4280350  |o 346.83016 VID 2006  |p 4280350  |r 2023-01-25  |w 2019-11-22  |y BK  |k DER 
952 |0 0  |1 0  |4 0  |6 346_830160000000000_VID_2006  |7 0  |8 A  |9 394483  |a BIBDER  |b BIBDER  |d 2019-11-22  |i 4306619  |o 346.83016 VID 2006  |p 4306619  |r 2023-01-25  |w 2019-11-22  |y BK  |k DER 
952 |0 0  |1 0  |4 0  |6 346_830160000000000_VID_2006  |7 0  |8 A  |9 394484  |a BIBDER  |b BIBDER  |d 2019-11-22  |i 4306627  |o 346.83016 VID 2006  |p 4306627  |r 2023-01-25  |w 2019-11-22  |y BK  |k DER 
952 |0 0  |1 0  |4 0  |6 346_830160000000000_VID_2006  |7 0  |8 A  |9 394485  |a BIBDER  |b BIBDER  |d 2019-11-22  |i 4373561  |l 2  |o 346.83016 VID 2006  |p 4373561  |r 2024-06-17  |s 2024-06-17  |w 2019-11-22  |y BK  |k DER 
952 |0 0  |1 0  |4 0  |6 346_830160000000000_VID_2006  |7 0  |8 A  |9 394486  |a BIBDER  |b BIBDER  |d 2019-11-22  |i 4509005  |l 8  |o 346.83016 VID 2006  |p 4509005  |r 2024-03-19  |s 2024-03-12  |w 2019-11-22  |y BK  |k DER